Informačná výchova terminologický a výkladový slovník odbor Knižničná a informačná veda

Guardado en:
Detalles Bibliográficos
Autor principal: Katuščák, Dušan
Otros Autores: Matthaeidesová, Marta, Nováková, Marta
Formato: Libro
Lenguaje:eslovaco
Publicado: Bratislava Media Trade - Slovenské pedagogické nakladateľstvo 1998
Colección:Terminologický a výkladový slovník 6. zv.
Materias:
Etiquetas: Agregar Etiqueta
Sin Etiquetas, Sea el primero en etiquetar este registro!

MARC

LEADER 00000nam a2200000 4500
001 c113559
005 20200724130702.2
020 |a 80-08-02818-1 
041 0 |a slo 
044 |a SK 
245 1 0 |a Informačná výchova  |b terminologický a výkladový slovník odbor Knižničná a informačná veda  |c Dušan Katuščák, Marta Matthaeidesová, Marta Nováková 
264 1 |a Bratislava  |b Media Trade - Slovenské pedagogické nakladateľstvo  |c 1998 
300 |a 375 s. 
490 1 |a Terminologický a výkladový slovník  |v 6. zv. 
830 0 |a Terminologický a výkladový slovník  |v 6. zv. 
610 2 0 |a knihoveda 
610 2 0 |a terminológia 
100 1 |a Katuščák, Dušan 
700 1 |a Matthaeidesová, Marta 
700 1 |a Nováková, Marta